00716nam a2200205Ia 4500003000400000005001700004008004100021020001800062040001800080041000800098082002200106100002100128245013800149250001200287260004700299300003000346650005900376650005400435700002100489OSt20250602104319.0210716s2012 xx 000 0 und d a9788120345508 cAIMIT LIBRARY aeng a658.409321bSEIL aSwiwert, Lothar. aEffective time management: busing microsoft outlook to organize your work and personal life /cBy Lothar Seiwert and Holger Woeltje. a1st ed. aNew Delhi :bPHI Learning Pvt Ltd ,c2012. axviii,248p. ;bPBc23 cm. aHow to work more effectively with tasks and priorities aHow to make your daily planning work in real life aWoeltje, Holger.